[Event "Salon de Provence op"]
[Site "Salon de Provence"]
[Date "2023.07.12"]
[Round "7.8"]
[White "Thiers, Jean Jacques"]
[Black "Scamaroni, Jean Paul"]
[Result "1/2-1/2"]
[WhiteElo "1495"]
[BlackElo "1487"]
[PlyCount "71"]
[EventDate "2023.07.08"]
[EventType "swiss"]
[EventRounds "9"]
[EventCountry "FRA"]
[SourceTitle "EXT 2024"]
[Source "ChessBase"]
[SourceDate "2023.10.10"]
[SourceVersion "1"]
[SourceVersionDate "2023.10.10"]
[SourceQuality "1"]

1. d4 Nf6 2. Nf3 g6 3. e3 d6 4. Bd3 Bg7 5. c3 Nbd7 6. Nbd2 0-0 7. 0-0 Re8 8. Re1 e5 9. e4 d5 10. exd5 exd4 11. Nxd4 Rxe1+ 12. Qxe1 Nb6 13. N2f3 Nbxd5 14. Bg5 h6 15. Bh4 c6 16. Rd1 Bg4 17. h3 Bxf3 18. Nxf3 g5 19. Bg3 Qb6 20. c4 Nb4 21. Bb1 Re8 22. Qd2 Na6 23. Bd6 c5 24. Qc2 Rd8 25. Be5 Rxd1+ 26. Qxd1 Ne8 27. Qd3 f6 28. Bc3 Qe6 29. Nh2 Nb4 30. Qh7+ Kf8 31. Ng4 Qg8 32. Qe4 Qf7 33. Qh7 Qg8 34. Qxg8+ Kxg8 35. a3 Nc6 36. b4 1/2-1/2

[Event "Bouches du Rhone op 0607"]
[Site "Bouches du Rhone"]
[Date "2007.02.17"]
[Round "6"]
[White "Scamaroni, Jean Paul"]
[Black "Battaglia, Gerard"]
[Result "0-1"]
[WhiteElo "1820"]
[BlackElo "1890"]
[PlyCount "86"]
[EventDate "2006.10.21"]
[EventType "swiss"]
[EventRounds "9"]
[EventCountry "FRA"]
[SourceTitle "EXT 2008"]
[Source "ChessBase"]
[SourceDate "2007.11.25"]
[SourceVersion "1"]
[SourceVersionDate "2007.11.25"]
[SourceQuality "1"]

1. d4 Nf6 2. c4 c5 3. d5 b5 4. cxb5 e6 5. Nc3 exd5 6. Nxd5 Bb7 7. Nc3 d5 8. e3 Bd6 9. Nf3 0-0 10. Be2 Nbd7 11. 0-0 Qc7 12. g3 Rad8 13. a4 Rfe8 14. b6 axb6 15. Nb5 Qb8 16. Nxd6 Qxd6 17. Bb5 Re7 18. b3 d4 19. Nh4 Qd5 20. f3 Nf8 21. e4 Qh5 22. Nf5 Re5 23. g4 Qh3 24. Bf4 Rxf5 25. gxf5 N6d7 26. Rf2 Qh4 27. Qd2 Qe7 28. Re1 Ne5 29. Bg3 Nfd7 30. Bxd7 Rxd7 31. h3 Ba6 32. Bxe5 Qxe5 33. f4 Qf6 34. Rg2 d3 35. Kh2 Bb7 36. Rg3 Qd4 37. Rge3 f6 38. Kg3 c4 39. bxc4 Qxc4 40. e5 fxe5 41. fxe5 g5 42. fxg6 Rg7 43. Kh2 Qf4+ 0-1

[Event "Vitrolles Majeur op 0405"]
[Site "Vitrolles"]
[Date "2004.12.11"]
[Round "4"]
[White "Scamaroni, Jean Paul"]
[Black "Israel, Daniel"]
[Result "0-1"]
[WhiteElo "1790"]
[BlackElo "1730"]
[PlyCount "84"]
[EventDate "2004.10.16"]
[EventType "swiss"]
[EventRounds "9"]
[EventCountry "FRA"]
[SourceTitle "EXT 2008"]
[Source "ChessBase"]
[SourceDate "2007.11.25"]
[SourceVersion "1"]
[SourceVersionDate "2007.11.25"]
[SourceQuality "1"]

1. d4 Nf6 2. c4 c5 3. d5 b5 4. cxb5 a6 5. bxa6 Bxa6 6. Nc3 g6 7. f4 Bg7 8. Nf3 d6 9. e4 Bxf1 10. Rxf1 0-0 11. e5 Ne8 12. Qe2 Qa5 13. Kf2 Nc7 14. Kg1 Nd7 15. e6 Nb6 16. exf7+ Rxf7 17. Ng5 Bxc3 18. bxc3 Rg7 19. Bb2 c4 20. Ne6 Rf7 21. Nxc7 Qc5+ 22. Kh1 Qxc7 23. Qe6 Kg7 24. f5 Rf6 25. Qe4 Qb7 26. Bc1 e5 27. Bg5 Rf7 28. f6+ Kg8 29. Rfd1 Na4 30. Qxc4 Nb2 31. Qb3 Nxd1 32. Qxd1 Qb2 33. c4 Rxa2 34. Rxa2 Qxa2 35. c5 dxc5 36. h3 Rd7 37. Qg4 Qxd5 38. Qg3 c4 39. Qc3 Rb7 40. Qa3 Kf7 41. Qa8 Rb1+ 42. Kh2 Qxa8 0-1

[Event "Bouches du Rhone-ch 0203"]
[Site "Provence"]
[Date "2003.03.08"]
[Round "8"]
[White "Scamaroni, Jean Paul"]
[Black "Cipriani, Pierre"]
[Result "1-0"]
[WhiteElo "1760"]
[BlackElo "1880"]
[PlyCount "41"]
[EventDate "2002.10.??"]
[EventType "swiss"]
[EventRounds "9"]
[EventCountry "FRA"]
[SourceTitle "EXT 2005"]
[Source "ChessBase"]
[SourceDate "2004.11.15"]
[SourceVersion "1"]
[SourceVersionDate "2004.11.15"]
[SourceQuality "1"]

1. d4 d5 2. c4 c6 3. Nf3 Nf6 4. Nc3 e6 5. Bg5 Be7 6. e3 Nbd7 7. Rc1 a6 8. cxd5 exd5 9. Bd3 h6 10. Bh4 Nf8 11. 0-0 Ng6 12. Bxg6 fxg6 13. Ne5 Bf5 14. Qb3 g5 15. Bg3 Ra7 16. Qd1 h5 17. f4 g4 18. Bh4 Nd7 19. Bxe7 Qxe7 20. Nxd5 cxd5 21. Rc8+ 1-0

[Event "Bouches du Rhone-ch 0203"]
[Site "Provence"]
[Date "2003.02.15"]
[Round "9"]
[White "Gouiran, Serge"]
[Black "Scamaroni, Jean Paul"]
[Result "0-1"]
[WhiteElo "1620"]
[BlackElo "1760"]
[PlyCount "64"]
[EventDate "2002.10.??"]
[EventType "swiss"]
[EventRounds "9"]
[EventCountry "FRA"]
[SourceTitle "EXT 2005"]
[Source "ChessBase"]
[SourceDate "2004.11.15"]
[SourceVersion "1"]
[SourceVersionDate "2004.11.15"]
[SourceQuality "1"]

1. e4 c5 2. Nf3 d6 3. d4 cxd4 4. Nxd4 Nf6 5. Nc3 a6 6. Bg5 e6 7. f4 b5 8. Bd3 Be7 9. Qf3 Bb7 10. 0-0-0 Nbd7 11. Rhe1 0-0 12. Qh3 h6 13. Bxf6 Bxf6 14. Nxe6 fxe6 15. Qxe6+ Kh8 16. Qxd6 Bxc3 17. bxc3 Rf6 18. Qb4 Rxf4 19. g3 Rf7 20. Kb1 Qc7 21. c4 Bc6 22. cxb5 Ne5 23. a4 Nxd3 24. cxd3 Qb6 25. a5 Qxb5 26. Qxb5 axb5 27. Rc1 Bb7 28. Kb2 Rxa5 29. Kb3 Ra4 30. Rc5 Ba6 31. Rc6 Rf2 32. d4 Rf3+ 0-1

[Event "Provence-ch prom Meyreuil 0001"]
[Site "France"]
[Date "2001.04.07"]
[Round "9"]
[White "Varache"]
[Black "Scamaroni, Jean Paul"]
[Result "1-0"]
[WhiteElo "1780"]
[BlackElo "1620"]
[PlyCount "103"]
[EventDate "2000.??.??"]
[EventType "tourn"]
[EventRounds "9"]
[EventCountry "FRA"]
[SourceTitle "EXT 2005"]
[Source "ChessBase"]
[SourceDate "2004.11.15"]
[SourceVersion "1"]
[SourceVersionDate "2004.11.15"]
[SourceQuality "1"]

1. c4 g6 2. Nc3 Bg7 3. Nf3 c5 4. g3 Nc6 5. Bg2 d6 6. 0-0 Nh6 7. d4 cxd4 8. Bxh6 Bxh6 9. Nxd4 Bd7 10. Nxc6 Bxc6 11. Bxc6+ bxc6 12. e4 0-0 13. Qa4 Qb6 14. Qc2 Rab8 15. b3 Qb4 16. Rad1 Bg7 17. Rd3 Rfd8 18. Rfd1 Bxc3 19. Qxc3 Qxc3 20. Rxc3 c5 21. Rcd3 Rb6 22. f4 a5 23. e5 Kf8 24. Kf2 f5 25. Kf3 Kf7 26. Rd5 Rc6 27. h3 h6 28. g4 fxg4+ 29. hxg4 Ke6 30. Ke4 Rf8 31. exd6 exd6 32. f5+ gxf5+ 33. gxf5+ Ke7 34. Rg1 Rf6 35. Kf4 Kf7 36. Rd3 a4 37. Rdg3 axb3 38. axb3 Rb6 39. Ke4 Rb4 40. Rg7+ Kf8 41. Rg8+ Ke7 42. R1g7+ Rf7 43. Rxf7+ Kxf7 44. Rg6 Rxb3 45. Rxh6 Rc3 46. Kd5 Rd3+ 47. Kc6 Ke7 48. Re6+ Kf7 49. Rxd6 Rxd6+ 50. Kxd6 Kf6 51. Kxc5 Kxf5 52. Kd6 1-0

[Event "Provence-ch prom Meyreuil 0001"]
[Site "France"]
[Date "2000.11.05"]
[Round "2"]
[White "Gozzo, Jean Claude"]
[Black "Scamaroni, Jean Paul"]
[Result "0-1"]
[WhiteElo "1520"]
[BlackElo "1620"]
[PlyCount "58"]
[EventDate "2000.??.??"]
[EventType "tourn"]
[EventRounds "9"]
[EventCountry "FRA"]
[SourceTitle "EXT 2005"]
[Source "ChessBase"]
[SourceDate "2004.11.15"]
[SourceVersion "1"]
[SourceVersionDate "2004.11.15"]
[SourceQuality "1"]

1. d4 Nf6 2. e3 d5 3. f4 Bf5 4. Bd3 Ne4 5. Nf3 e6 6. 0-0 Nd7 7. c4 Be7 8. cxd5 exd5 9. Qc2 Ndf6 10. Nc3 c6 11. Ng5 0-0 12. Ngxe4 dxe4 13. Nxe4 Nd5 14. Nf6+ Bxf6 15. Bxf5 g6 16. Be4 Re8 17. Bxd5 Qxd5 18. Bd2 Rad8 19. Kh1 Re4 20. b3 Rde8 21. Qc4 Qd7 22. Rf3 Bxd4 23. exd4 Rxd4 24. Qf1 Rxd2 25. f5 Ree2 26. Rg3 Rf2 27. Qe1 Qxf5 28. Rf3 Rxf3 29. gxf3 Qxf3+ 0-1

[Event "Provence-ch prom Meyreuil 9900"]
[Site "France"]
[Date "2000.??.??"]
[Round "5"]
[White "Parroco, Pierre Jean"]
[Black "Scamaroni, Jean Paul"]
[Result "1-0"]
[WhiteElo "1630"]
[BlackElo "1730"]
[PlyCount "67"]
[EventDate "1999.??.??"]
[EventType "tourn"]
[EventRounds "9"]
[EventCountry "FRA"]
[SourceTitle "EXT 2005"]
[Source "ChessBase"]
[SourceDate "2004.11.15"]
[SourceVersion "1"]
[SourceVersionDate "2004.11.15"]
[SourceQuality "1"]

1. e4 c5 2. Nf3 d6 3. d4 cxd4 4. Nxd4 Nf6 5. Nc3 e6 6. Bg5 Be7 7. f4 a6 8. Qf3 Qc7 9. 0-0-0 b5 10. f5 e5 11. Nde2 Nbd7 12. g4 b4 13. Bxf6 Nxf6 14. Nd5 Nxd5 15. Rxd5 Bb7 16. Rd1 Rc8 17. c3 Qc4 18. Bg2 Qxa2 19. Qd3 Bg5+ 20. Rd2 bxc3 21. Nxc3 Bxd2+ 22. Qxd2 Ke7 23. Qg5+ Kd7 24. Qxg7 Rxc3+ 25. bxc3 Qxg2 26. Qxf7+ Kc8 27. Qe6+ Kb8 28. Qxd6+ Ka8 29. Rd1 Qxh2 30. f6 Qf4+ 31. Kb2 Qxg4 32. f7 Qc8 33. Rg1 Rd8 34. Qxd8 1-0

[Event "Provence-chB"]
[Site "Provence"]
[Date "1990.??.??"]
[Round "1"]
[White "Scamaroni, Jean Paul"]
[Black "Arcusa, Michel"]
[Result "1-0"]
[WhiteElo "1680"]
[BlackElo "1750"]
[PlyCount "129"]
[EventDate "1990.??.??"]
[EventType "swiss"]
[EventRounds "7"]
[EventCountry "FRA"]
[SourceTitle "EXT 2005"]
[Source "ChessBase"]
[SourceDate "2004.11.15"]
[SourceVersion "1"]
[SourceVersionDate "2004.11.15"]
[SourceQuality "1"]

1. d4 d5 2. c4 e6 3. Nc3 Nf6 4. Bg5 Nbd7 5. Nf3 c6 6. e3 Qa5 7. Nd2 Bb4 8. Qc2 0-0 9. Nb3 Qc7 10. Bf4 Bd6 11. Bxd6 Qxd6 12. c5 Qc7 13. Bd3 e5 14. 0-0 e4 15. Be2 Ne8 16. f3 f5 17. fxe4 fxe4 18. Rxf8+ Nxf8 19. Nd2 Nf6 20. Rf1 Bg4 21. Rxf6 Bxe2 22. Rxf8+ Rxf8 23. Nxe2 Qf7 24. Nf4 g5 25. Nh3 Qh5 26. Nf1 Qg4 27. Ng3 h5 28. Qe2 Kg7 29. Qxg4 hxg4 30. Nxg5 Re8 31. Ne2 Kf6 32. h4 Rh8 33. g3 b6 34. b4 bxc5 35. dxc5 Rb8 36. a3 a5 37. Nd4 axb4 38. axb4 Rxb4 39. Nge6 Rb1+ 40. Kf2 Rb2+ 41. Kf1 Rb1+ 42. Ke2 Rb2+ 43. Kd1 Rb1+ 44. Kc2 Rg1 45. Nf4 Kf7 46. Nfe2 Rg2 47. Kd2 Ke8 48. Nxc6 Rh2 49. Ne5 Rh1 50. Nxg4 Ra1 51. Nf6+ Kf7 52. Nxd5 Ra2+ 53. Ke1 Ra1+ 54. Kf2 Ra2 55. c6 Rc2 56. c7 Ke8 57. Nf6+ Ke7 58. Nxe4 Rxc7 59. Nf4 Ra7 60. g4 Kf7 61. g5 Kg8 62. h5 Ra4 63. Kf3 Kh8 64. h6 Kh7 65. Nf6+ 1-0

[Event "Provence-chB"]
[Site "Provence"]
[Date "1990.??.??"]
[Round "3"]
[White "Scamaroni, Jean Paul"]
[Black "Cagneaux, Eric"]
[Result "1-0"]
[WhiteElo "1680"]
[BlackElo "1650"]
[PlyCount "87"]
[EventDate "1990.??.??"]
[EventType "swiss"]
[EventRounds "7"]
[EventCountry "FRA"]
[SourceTitle "EXT 2005"]
[Source "ChessBase"]
[SourceDate "2004.11.15"]
[SourceVersion "1"]
[SourceVersionDate "2004.11.15"]
[SourceQuality "1"]

1. d4 d5 2. c4 e6 3. Nc3 Bb4 4. Qc2 Nc6 5. a3 Bxc3+ 6. Qxc3 dxc4 7. Nf3 Nf6 8. Bg5 0-0 9. Qxc4 Qd5 10. e3 Ne4 11. Qxd5 exd5 12. Bf4 f6 13. Bxc7 Rf7 14. Ba5 Nxa5 15. b4 Nc4 16. Bxc4 dxc4 17. Nd2 Nxd2 18. Kxd2 Be6 19. e4 f5 20. e5 Rd8 21. Kc3 Rfd7 22. Rad1 Kf7 23. f4 Bd5 24. Rhg1 Ke6 25. g3 b5 26. Rd2 Ra8 27. Ra1 a5 28. Rb2 axb4+ 29. Kxb4 Ra4+ 30. Kc5 c3 31. Rxb5 Rc4+ 32. Kb6 c2 33. Rc1 Rb7+ 34. Ka5 Ra7+ 35. Kb6 Rxa3 36. Rc5 Rb3+ 37. Kc7 Rxc5+ 38. dxc5 Be4 39. c6 Rb1 40. Rxc2 Bxc2 41. Kd8 Ba4 42. c7 Rb8+ 43. cxb8Q Kd5 44. Qb4 1-0